Jeux olympiques au cinéma en images - Statistiques

Statistiques générales
  • Ce quiz a été pris 147 fois
  • Le résultat moyen est 4 sur 16
Statistiques - réponses
Par images Réponse % Correct
Astérix aux Jeux olympiques
97%
Rasta Rockett
83%
Jappeloup
47%
Moi, Tonya
31%
L'As des as
25%
Les Chariots de feu
25%
Eddie the Eagle
12%
Invincible
9%
La Couleur de la victoire
9%
Foxcatcher
6%
Les Fous du stade
4%
Le Feu sur la glace
3%
Miracle
3%
Balles de feu
2%
Ils étaient un seul homme
2%
Personal Best
1%
Aucun quiz correspondant
Distribution des résultats
% des personnes avec chaque résultat
Percentile par nombre de réponses
Votre historique - résultats
Vous n’avez pas pris ce quiz